• 首页
  • 本馆介绍
  • 公告通知
  • 最新文献
  • 馆藏检索
  • 电子资源
  • 读者导购
  • 参考咨询
  • 我的图书馆
  • 登录
  • 详细信息显示
  • 放入我的书架
  • 预约/预借图书
  • 作者相关作品
  • 分类相关作品
  • 丛书相关作品
  • 出版社相关作品

书目信息

  • 表格格式
  • 工作单格式
  • 卡片格式
书名: Fundamentals of waves, optics, and modern physics
作者: Hugh D. Young.
分册号:
分册名:
出版地: New York :
 
出版社: McGraw-Hill
出版时间: c1976.
页数: xvii, 549 p., [2] leaves of plates :
开本: 25 cm.
丛书名: McGraw-Hill series in fundamentals of physics
中图分类号:
科图分类号:
其他分类号: O43:H31
主题词:
电子资源:
000 00896nam 2200277 4500
001 E0731930808
005 20070725143925.70
008 750514s1976 nyua 001 0 eng
010    @a75015958
020    @a0070725217 :@c14.95.
040    @aDLC@cDLC@dCWR@dm.c
050 00 @aQC21.2@b.Y66 1976
082    @a530
090    @aO43:H31
099    @dO43:H31@ex16=2
100 1  @aYoung, Hugh D.
245 10 @aFundamentals of waves, optics, and modern physics / @cHugh D. Young.
250    @a2d ed.
260 0  @aNew York :@bMcGraw-Hill,@cc1976.
300    @axvii, 549 p., [2] leaves of plates :@bill. (some col.) ;@c25 cm.
440  0 @aMcGraw-Hill series in fundamentals of physics.
500    @aIncludes index.
500    @aFirst published in 1968 under title: Fundamentals of optics and modern physics.
650  0 @aPhysics.
650  0 @aWaves.
650  0 @aOptics.
    
    Fundamentals of waves, optics, and modern physics / / Hugh D. Young.-2d ed.-New York : : McGraw-Hill, , c1976.
    xvii, 549 p., [2] leaves of plates : : ill. (some col.) ; ; 25 cm.- (McGraw-Hill series in fundamentals of physics. )
    Includes index.-First published in 1968 under title: Fundamentals of optics and modern physics.
    
    ISBN 0070725217 :14.95.
    
●
相关链接 在E读中查询图书 在五车中查询图书 在当当中查询图书 在豆瓣中查询图书


正题名:Fundamentals of waves, optics, and modern physics     索取号:O43:H31/x16=2         预约/预借

序号 登录号 条形码 馆藏地/架位号 状态 备注
1 13579   300135798   第二样本阅览室/ [索取号:O43:H31/x16=2] 在馆    
2 49914   000637859   第四借阅区/ [索取号:O43:H31/x16=2] 在馆    
唐山师范学院图书馆 欢迎您!
大连网信软件有限公司© 版权所有